|
|
|
|
| LEADER |
00000nkm a2200000 a 4500 |
| 001 |
vtls009472306 |
| 003 |
SK-MaSNL |
| 005 |
20260512122426.0 |
| 007 |
kp ao |
| 008 |
230706q1903 xo g kuhun |
| 015 |
|
|
|a SNBG1903
|
| 035 |
|
|
|a urn:nbn:sk:snk-km00dyvv
|
| 035 |
|
|
|a urn:nbn:sk:snk-km3lne1
|
| 035 |
|
|
|a 83679761-8E82-40B0-B98F-80F74B86DD72
|
| 040 |
|
|
|a SNK
|b slo
|c SNK
|e AACR2
|
| 041 |
0 |
|
|a hun
|
| 043 |
|
|
|a e-xo---
|
| 044 |
|
|
|a xo
|c SK
|
| 072 |
|
7 |
|a 913
|x Regionálna geografia
|2 konspekt
|
| 080 |
|
|
|a 913(437.641)
|2 2008
|
| 080 |
|
|
|a (084.121)
|2 2011
|
| 245 |
0 |
0 |
|a Liptó-Szent-Miklós
|h grafika
|
| 260 |
|
|
|a Liptó-Szt.-Miklós
|b Löw Dezső
|c [1903?]
|
| 300 |
|
|
|a 1 pohľadnica
|b tónovaná do zelena
|c 9 x 14 cm
|
| 520 |
8 |
|
|a Zobrazenie: pohľad z diaľky na mesto
|
| 651 |
|
7 |
|a Liptovský Mikuláš (Slovensko)
|2 SNKPH
|9 36847
|
| 655 |
|
7 |
|a miestne pohľadnice
|2 SNKPH
|9 70510
|
| 655 |
|
7 |
|a historické pohľadnice
|2 SNKPH
|9 159703
|
| 752 |
|
|
|a Slovensko
|d Liptovský Mikuláš
|
| 852 |
|
|
|a Slovenská národná knižnica
|
| 958 |
|
|
|a GBN
|
| 958 |
|
|
|a ONDV
|
| 958 |
|
|
|a GC
|
| 999 |
|
|
|c 604384
|d 606314
|
| 952 |
|
|
|a SNK
|b SNK
|y PREZ
|7 0
|p 17A0611562
|o snkSP 17432
|z Pohľadnica prešla poštou. ; ; Pohľadnica je v pravom dolnom rohu poškodená
|0 0
|1 0
|4 0
|d 2009-02-12
|f 1
|l 0
|r 2026-02-23 16:04:45
|w 2026-02-23
|